| 000 | 01199cam a22002651i 4500 | ||
|---|---|---|---|
| 003 | SA-RiAUC | ||
| 005 | 20250616071115.0 | ||
| 008 | 241117q19801989su g 000 0 ara c | ||
| 040 |
_aSA-JeALM _bara _cSA-RiAUC _erda |
||
| 082 | 0 | 4 |
_a257.5 _qSA-RiAUC |
| 090 |
_a257.5 _bح م ي |
||
| 100 | 1 |
_aالحميضي، سليمان بن محمد بن عبد الله، _d1330-1423 هجري _eمؤلف. |
|
| 245 | 1 | 0 |
_aرسالتان هامتان : _bالأولى مع القضاة والثانية مع المحققين والمرشدين وهي كالتتمة الأولى / _cسليمان بن محمد بن عبد الله الحميضي. |
| 250 | _aالطبعة الثانية، مزيدة ومنقحة. | ||
| 264 | 1 |
_aمكة المكرمة : _bمطابع التراث، _c[بين 1980 و1989] |
|
| 300 | _a59 صفحة | ||
| 336 |
_aنص _btxt _2rdacontent _3كتاب |
||
| 337 |
_aبدون وسيط _bn _2rdamedia |
||
| 338 |
_aمجلد _bnc _2rdacarrier |
||
| 650 | 7 |
_aالقضاء في الإسلام _2aucsh |
|
| 650 | 7 |
_aالإسلام _xجوانب سياسية _2aucsh |
|
| 650 | 7 |
_aالعدل (فقه إسلامي) _2aucsh |
|
| 942 |
_2ddc _cBOOK _n0 |
||
| 949 |
_aSA-JeALM _d241117 _umohamedma123 _n1 |
||
| 999 |
_c2526 _d2526 |
||